[Event "Harplinge"]
[Site "Harplinge"]
[Date "1998.08.22"]
[Round "8"]
[White "Emms, John M"]
[Black "Schmaltz, Roland"]
[Result "0-1"]
[WhiteElo "2585"]
[BlackElo "2520"]
[Annotator "Yudasin,L"]
[PlyCount "88"]
[EventDate "1998.08.15"]
[EventType "tourn"]
[EventRounds "9"]
[EventCountry "SWE"]
[EventCategory "12"]
[SourceTitle "CBM 067"]
[Source "ChessBase"]
[SourceDate "1998.11.30"]
[SourceVersion "2"]
[SourceVersionDate "1998.11.01"]
[SourceQuality "1"]

1. e4 d6 2. d4 Nf6 3. Nc3 g6 4. Nf3 Bg7 5. Be3 c6 (5... Ng4 6. Bg5 (6. Bf4 e5
7. dxe5 Nxe5 8. Nxe5 Bxe5 $10) 6... h6 7. Bh4 (7. Bd2 e5 8. d5 (8. dxe5 Nxe5 9.
Nxe5 dxe5 10. Bc4 $10) 8... f5 $13 9. h3) 7... Nf6 $132) 6. Qd2 b5 (6... Ng4 7.
Bg5 h6 8. Bh4 Nf6 9. Be2 (9. O-O-O g5 10. Bg3 Nh5 11. h4 g4 12. Ng1 Nxg3 13.
fxg3 Qa5 14. Bc4 $13) (9. h3 $1 Nh5 10. g4 g5 11. gxh5 gxh4 12. Rg1 $16) 9...
g5 10. Bg3 Nh5 11. O-O-O b5 $36 12. e5) 7. Bd3 Nbd7 8. Bh6 (8. e5 Ng4 $2 (8...
dxe5 9. dxe5 Ng4 10. e6 (10. Be4 Nxe3 (10... Ngxe5 11. Nxe5 Nxe5 12. Qxd8+ Kxd8
13. O-O-O+ Kc7 14. Nxb5+ Kb7 15. Nd4 f5 $13) 11. Qxe3 $16 Bb7) 10... fxe6 11.
Nd4 Nde5 $17) 9. exd6 exd6 (9... Nxe3 10. Qxe3 e6 11. Ne5 $36) 10. Bf4 Qe7+ (
10... d5 11. Bd6 Nb6 12. Bc5 Be6 13. O-O $36) 11. Kf1 $16) 8... O-O 9. Bxg7
Kxg7 10. a4 (10. e5 dxe5 11. dxe5 Ng4 12. Qf4 Nc5 $13) 10... b4 11. Ne2 a5 12.
e5 $2 (12. c3 bxc3 13. bxc3 e5 14. Ng3 h6 $10) 12... dxe5 13. dxe5 Ng4 14. Qf4
(14. e6 fxe6 15. Ned4 Nde5) 14... Nc5 15. Rd1 (15. Bc4 Nh6 16. O-O Be6 17. Rfd1
Qb6 $10) 15... Qb6 {f2,a4} 16. O-O $8 Nxa4 $17 17. h3 Nh6 18. Ng3 {/\Nh5,
Qg5-h6} Ng8 $5 (18... f6 19. Rfe1 Ra7 $17) 19. Ng5 (19. Qc1 Ba6 $17) 19... h6 (
19... Nxb2 20. Nxh7 Kxh7 (20... Nxd3 21. Rxd3 Kxh7 (21... Ba6 22. Nf5+ gxf5 23.
Rg3+ Kh8 24. Nf6 $18) (21... Be6 22. Nxf8 Rxf8 23. h4 $40) 22. Qh4+ Kg7 23.
Nh5+ gxh5 24. Qg5+ Kh7 25. Rg3 Bg4 26. hxg4 c5 27. Rh3 Qg6 28. Rxh5+ Kg7 29.
Qe3 f6 $19) (20... Nxd1 21. Nxf8 Nb2 22. e6 f6 23. Bxg6 Kxf8 24. Bf7 $40) 21.
Qh4+ Kg7 22. Nh5+ gxh5 23. Qg5+ Kh8 24. Qxh5+ Kg7 25. Qh7#) (19... f6 20. exf6+
(20. Nxh7 Kxh7 21. Qe4 f5 22. Qh4+ Kg7 23. Qg5 Nxb2 24. Nh5+ Kh7 25. Nf4 c5 26.
h4 $13) 20... exf6 21. Nxh7 Kxh7 22. Qh4+ Kg7 23. Bxg6 Kxg6 $17 24. Qh5+) 20.
Nh5+ (20. Nxf7 Rxf7 21. Qe4 Bf5) 20... gxh5 21. Qe4 f5 $8 22. exf6+ Rxf6 (22...
Nxf6 23. Qxe7+ Kg8 24. Bh7+) 23. Qh7+ Kf8 24. Bc4 (24. Ne4 Rf7 25. Qg6 Nxb2)
24... e6 25. Bxe6 (25. Ne4 Rf7 26. Qg6 Nxb2) 25... Bxe6 26. Nxe6+ Rxe6 27. Rd7
Re7 28. Rxe7 Nxe7 29. Qxh6+ Kf7 (29... Kg8 30. Re1 {/\Re5[e3]}) 30. Re1 (30.
Qxh5+ Ng6 31. Rd1 Rd8) (30. Qh7+ Kf6 31. Re1 Ng6 (31... Qc5 32. Re3 Nf5 33. Rf3
Rf8 34. g4 hxg4 35. hxg4 $40) (31... Ra7 32. Qh6+ Kf7 33. Qh7+ Ke8 $19) 32. Re3
h4 33. Rf3+ Kg5 34. g3 Qd4 35. gxh4+ Nxh4 36. Rg3+ $18) 30... Ra7 (30... Ng6
31. Re3 c5 32. Rf3+ Kg8 33. Rg3 Ra6 34. f4 Qf6 35. Qxh5 $132) 31. Qxh5+ Kg7 $1
(31... Ng6 32. Qf5+ Kg7 33. Re6 Nf8 34. Qf6+ (34. Qg5+ Kh8 $17) 34... Kg8 35.
Rxc6 $132) 32. Re5 (32. Re6 Qd4 33. Qg5+ Kf7 34. Rh6 Ke8) 32... c5 $1 33. Qg4+
Kf7 34. Rh5 (34. Qh5+ Qg6 35. Qf3+ Ke8) 34... Qf6 (34... Qg6 35. Qf4+) 35. Rh7+
Ke8 (35... Kf8 36. Qh5 Rd7 (36... Rc7 37. Rh6 Qf4 38. g3 $13) 37. Rh8+ Ng8 38.
Rxg8+ Kxg8 39. Qe8+) 36. Qh5+ Kd7 37. b3 (37. Qd5+ Qd6 38. Qf5+ Kc6) 37... Nc3
38. Qxc5 Ra6 (38... Rc7 39. Qxa5 Qd4 40. Qf5+ Kc6 $19) 39. g3 Rd6 {/\Ne4,/\Qd4}
40. Qa7+ (40. Qxa5 Rd1+ 41. Kg2 Qc6+ 42. f3 Rd2+ 43. Kg1 Ne2+) (40. h4 Ne4 41.
Qe3 Qxf2+ 42. Qxf2 Nxf2 43. Kxf2 Rd2+ 44. Kf3 Rxc2 $19) 40... Ke8 41. Qa8+ Rd8
42. Qxa5 Rd1+ 43. Kg2 Qc6+ 44. f3 Rd2+ {45.Kg1 Ne2 46.Kf2 Nd4 Yudasin} 0-1

[Event "Harplinge"]
[Site "Harplinge"]
[Date "1998.08.20"]
[Round "6"]
[White "Hansen, Curt"]
[Black "Agrest, Evgenij"]
[Result "1/2-1/2"]
[WhiteElo "2610"]
[BlackElo "2545"]
[Annotator "Yudasin,L"]
[PlyCount "54"]
[EventDate "1998.08.15"]
[EventType "tourn"]
[EventRounds "9"]
[EventCountry "SWE"]
[EventCategory "12"]
[SourceTitle "CBM 067"]
[Source "ChessBase"]
[SourceDate "1998.11.30"]
[SourceVersion "2"]
[SourceVersionDate "1998.11.01"]
[SourceQuality "1"]

1. d4 d6 2. e4 Nf6 3. Nc3 g6 4. Nf3 Bg7 5. Be3 a6 (5... Ng4 6. Bg5 h6 7. Bh4
Nf6 8. e5 (8. Be2 g5 9. Bg3 Nh5 10. Qd2 Nxg3 11. hxg3 Nc6 12. Bb5 $14) 8... Nh5
$13) 6. a4 b6 (6... Ng4 7. Bg5 h6 8. Bc1 (8. Bh4 Nf6 9. Be2 g5 10. Bg3 Nh5 $132
) (8. Bf4 e5 9. dxe5 Nxe5 10. Nxe5 dxe5 11. Qxd8+ Kxd8 12. O-O-O+ Bd7 13. Be3
Kc8 14. Bc4 Be8 15. Nd5 Nc6 16. Rhf1 $36) 8... e5 9. h3 exd4 10. Nxd4 Nf6 $10)
7. Bc4 O-O (7... Bb7 8. e5 Ng4 (8... dxe5 9. dxe5 Qxd1+ 10. Rxd1 Ng4 11. e6 f5
12. Bf4 $16) 9. Bxf7+) 8. O-O $6 (8. e5 $1 Ng4 9. Bf4 c5 $2 (9... dxe5 10. dxe5
Qxd1+ 11. Rxd1 e6 12. h3 Nh6 13. g4 Bb7 14. Ke2 Nc6 15. Rhe1 Rfd8 $14) 10. exd6
exd6 11. O-O $16) 8... Bb7 9. e5 (9. d5 c6 10. Re1 Nbd7 $132 {/\Rc8,/\Qc7,Nc5})
9... Ng4 10. Bf4 dxe5 11. Nxe5 (11. dxe5 Qxd1 12. Raxd1 Bxf3 13. gxf3 Nxe5)
11... Nxe5 12. dxe5 {/\e6} (12. Bxe5 Nc6 (12... Bxe5 13. dxe5 Nc6 14. f4 $10)
13. Bxg7 Kxg7 14. d5 $36) 12... e6 $10 13. Bg3 (13. Qe2 Nc6 14. Rad1 Nd4 15.
Qg4 c5 16. Ne2 $10) 13... Nc6 14. f4 Qe7 15. Kh1 Rad8 16. Qe1 (16. Qe2 Nd4 17.
Qf2 Nf5) 16... Rd4 $1 $36 17. Be2 (17. Bb3 Na5 18. Ba2 Qb4 {Very bad Ba2})
17... Nb4 18. Rc1 Qd7 19. Bf3 $1 Bxf3 20. Rxf3 {/\Bf2} Nd5 (20... Bh6 21. Ne4 (
21. h3) 21... Qxa4 22. Nf6+ Kg7 $13 (22... Kh8 $5) 23. Bf2 $1 (23. Ra3 Qc6)
23... Rxf4 (23... Rdd8 24. b3 Qa3 25. Ra1 (25. Rh3 $1 $40) 25... Nxc2 26. Rxa3
Nxe1 27. Bxe1 Rd1 28. Rf1 Bxf4 $17) 24. Be3 Rxf3 $2 (24... Nxc2 25. Rxc2 Rxf3
26. Bxh6+ Kxh6 27. gxf3 Qxc2 28. Qh4+) 25. Bxh6+ Kxh6 26. Qh4+) 21. b3 Nxc3 22.
Qxc3 Rd8 $6 (22... Rd1+ 23. Rf1 Rxc1 24. Rxc1 Rd8 25. Bh4 (25. h3 Qd2 26. Qxd2
Rxd2 27. Be1 Rd4 $36 {/\g5} (27... Re2 28. Rd1 $132 h6)) (25. Rf1 c5 26. h3 $15
) 25... Qd2 26. Qxd2 Rxd2 $17) 23. h3 Bf8 24. Bh4 $1 Bb4 (24... Be7 25. Bxe7
Qxe7 $15) 25. Qa1 Rd1+ $2 (25... Be7 $15) 26. Rf1 Rxf1+ 27. Rxf1 Be7 {28.Be7
Qe7 29.Rd1= Yudasin} 1/2-1/2

[Event "FRA-ch"]
[Site "Meribel"]
[Date "1998.08.26"]
[Round "13"]
[White "Miralles, Gilles"]
[Black "Chabanon, Jean Luc"]
[Result "1-0"]
[WhiteElo "2515"]
[BlackElo "2490"]
[Annotator "Yudasin,L"]
[PlyCount "65"]
[EventDate "1998.08.14"]
[EventType "tourn"]
[EventRounds "15"]
[EventCountry "FRA"]
[EventCategory "10"]
[SourceTitle "CBM 067"]
[Source "ChessBase"]
[SourceDate "1998.11.30"]
[SourceVersion "2"]
[SourceVersionDate "1998.11.01"]
[SourceQuality "1"]

1. e4 d6 2. d4 Nf6 3. Nc3 g6 4. Nf3 Bg7 5. Be2 O-O 6. O-O Bg4 (6... c6) (6...
Nc6) 7. Be3 (7. h3 Bxf3 8. Bxf3 Nc6 9. Ne2) 7... Nc6 8. d5 Bxf3 (8... Nb8 9.
Nd4 (9. h3 Bxf3 10. Bxf3 c6) 9... Bxe2 10. Qxe2 c6 $132) 9. Bxf3 Ne5 10. Be2 c6
11. f4 Ned7 12. dxc6 (12. Bf3 cxd5 13. exd5 Qa5 {/\Rc8,Re8}) 12... bxc6 13.
Rb1 Nb6 (13... Qa5 14. b4 Qc7 15. Qd3 $13) 14. a4 d5 $5 (14... a5 15. e5 $2 (
15. b3 Qc7 16. Qd3 d5 17. e5 Nfd7 $132 {/\e6,/\f6,/\c5}) 15... Nfd5) 15. e5 Ne8
$2 (15... Ne4 16. Nxe4 (16. Qe1 $5 Nxc3 17. Qxc3 Qc7 18. a5 Nd7 $13) 16... dxe4
{/\Nd5,Qa5} 17. Bc5 Nxa4 18. Qxd8 Rfxd8 19. Bxe7 Rd2 20. Bc4 Rb8 $13) 16. b4
$2 (16. a5 Nc4 $2 (16... Nd7 17. b4 e6 18. Na4 $16) 17. Bxc4 dxc4 18. Qxd8 Rxd8
19. Bxa7) 16... Nc7 17. a5 Nc4 18. Bxc4 (18. Bc5 Ne6 19. Bxc4 Nxc5 20. Bxd5
cxd5 21. bxc5 e6 (21... Qxa5 22. Qd4 e6)) 18... dxc4 19. Bc5 Ne6 (19... Nd5 20.
Ne4 $16 (20. Qd4 f6 21. Qxc4 fxe5 22. Rbd1)) 20. Qxd8 Rfxd8 21. Bxe7 Rd2 (21...
Rd7 22. Bh4 Rd2 23. Rbc1 g5 24. Be1 Rd4 25. f5 Nf4 26. g3 Nh3+ 27. Kg2 g4 28.
f6 Bf8 29. Ne2 Re4 30. Nf4 $16) 22. g3 $5 Rxc2 (22... Re8 23. Ne4 Rxc2 24. Nf6+
Bxf6 25. exf6 Nd4 26. Rf2 Rxf2 27. Kxf2 $16 Nf5) 23. Rfc1 Rxc1+ (23... Rd2 24.
Ne4 Re2 (24... Rd4 25. Nd6) 25. Rxc4) 24. Rxc1 Nd4 25. Rd1 Nf5 26. Bc5 f6 $2 (
26... Bf8 27. Ne4 Rb8 (27... Bxc5+ 28. Nxc5 c3 29. Kf2 c2 30. Rc1 Nd4 31. Ke3
Rd8 32. g4 $16) 28. Bxa7 Rxb4 29. Ra1) 27. g4 Nh6 (27... Nh4 28. exf6 Bxf6 29.
Ne4 Bg7 30. Kf2) 28. b5 $6 (28. exf6 $1 Bxf6 29. Ne4 Bg7 30. h3 $16) (28. e6 f5
29. e7 Re8) 28... cxb5 $4 (28... fxe5 29. b6 (29. bxc6 Rc8 30. Nd5 Bf8 $13)
29... axb6 30. axb6 exf4 31. Ne4 c3 $13) 29. e6 $1 $18 f5 30. e7 Bf6 (30... Re8
31. Rd8 Kf7 32. Nxb5) 31. g5 Bxe7 32. Bxe7 Re8 33. Rd7 {Yudasin Ending...Ney
time controle take pieple out of the chess classik} 1-0

[Event "Recklinghausen"]
[Site "Recklinghausen"]
[Date "1997.??.??"]
[Round "2"]
[White "Keitlinghaus, Ludger"]
[Black "Maiwald, Jens Uwe"]
[Result "1/2-1/2"]
[WhiteElo "2525"]
[BlackElo "2450"]
[Annotator "Yudasin,L"]
[PlyCount "47"]
[EventDate "1997.07.??"]
[EventType "tourn"]
[EventRounds "9"]
[EventCountry "GER"]
[EventCategory "8"]
[SourceTitle "CBM 060 Extra"]
[Source "ChessBase"]
[SourceDate "1997.11.04"]
[SourceVersion "1"]
[SourceVersionDate "1997.11.04"]
[SourceQuality "1"]

1. e4 g6 2. d4 Bg7 3. Nf3 d6 4. Nc3 Nf6 5. Be2 O-O 6. O-O c6 7. Bf4 Nbd7 8. Qd2
b5 (8... Qa5 9. Nd5 Qd8 10. Nc3 Qa5 11. Rad1 e5 12. Bh6 (12. dxe5 dxe5 13. Bg3
$11) 12... Re8 13. d5 cxd5 14. exd5 a6 15. a3 Qc7 16. h3 b5 17. Qg5 e4 $36 {
Ehrke,M-Rudolf,H/BL2-N 1996/BL2/0-1 (44)}) 9. e5 dxe5 10. Nxe5 $146 (10. dxe5
Nh5 (10... b4 $6 11. exf6 bxc3 12. fxe7 (12. Qxc3 Nxf6 13. Qxc6 $16) 12... Qxe7
$6 (12... cxd2 $142 13. exd8=Q Rxd8 14. Nxd2 Bxb2 15. Rab1 Be5) 13. bxc3 Qf6
14. Rad1 c5 15. Bb5 $16 {1/2-1/2 Marciano,D-Seret,J/FRA-ch Strasbourg 1992/EXT
92ch2 (24)}) 11. Bh6 Nxe5 (11... Nb6 12. Qe3 b4 13. Rad1 Qc7 14. Bxg7 Kxg7 15.
Ne4 Nd5 16. Qb3 Nhf4 17. Rfe1 (17. Bc4 $5) 17... a5 18. c4 Nxe2+ $11 {
Kuczynski,R-Sznapik,A/Warsaw 1990/CBM 17/1/2-1/2 (34)}) (11... b4 $6 {Rogers,I}
12. Bxg7 bxc3 $2 13. Qh6 Nxg7 14. Ng5 $18) 12. Qxd8 Rxd8 13. Bxg7 Nxf3+ 14.
Bxf3 Kxg7 (14... Nxg7 $5 {Rogers,I  []f5-d4~/=}) 15. Bxc6 Rb8 16. Bxb5 Bf5 (
16... a6 $6 {Rogers,I} 17. Ba4 {} Rxb2 $2 18. Bb3 $16) 17. Ba4 (17. Rfe1 {
Rogers,I} Kf8 (17... e6 $6 18. Rac1 $16 {(+)>>f5}) 18. Rac1 Nf4 19. Ba4 Rxb2 (
19... Ne6 $5 {[]d4~/=}) 20. Bb3 Rd2 21. Rcd1 (21. Na4 $2 Rxb3 $1 22. cxb3 Ne2+
$15) 21... Rxd1 $6 {Rogers,I-Azmaiparashvili,Z/Groningen 1989/1-0 (55)} (21...
Rdxc2 $1 {Rogers,I} 22. Bxc2 Rxc2 23. Rc1 Rb2 $44 { []d3 (+)a2})) 17... Rxb2
18. Bb3 {[%cal Gc3a4]} Bxc2 19. Na4 Rxb3 20. axb3 Bxb3 21. Nc5 Bd5 22. Rxa7 Nf4
23. f3 $14 {/= Hertneck,G-Belli,M/Moscow olm 1994/EXP 44/1/2-1/2 (72)}) 10...
Nxe5 11. Bxe5 {white didnt choice the principle continuation-10.dxe5.Now black
hasn't any problems.} Bf5 (11... b4 12. Na4 Qa5 13. Nc5 Rd8 14. Bd3 $14 (14.
Rfd1 Ne4 (14... Nd7 15. Bxg7 Kxg7 16. Nd3 Ba6 $14) 15. Nxe4 Bxe5 16. Qg5 Bf5
17. dxe5 Bxe4 $13)) 12. Bf3 Rc8 13. Qe2 Nd7 14. Bxg7 Kxg7 15. Rfe1 Re8 16. d5 (
16. Rad1 Nf6 17. d5 cxd5 18. Bxd5 Qb6 $11) 16... cxd5 (16... b4 17. dxc6 bxc3
18. cxd7 Qxd7 19. bxc3 Qc7 $11) 17. Nxd5 Rxc2 18. Qxb5 Rc5 19. Qb7 e6 20. Nb4
Ne5 21. Rxe5 (21. Qxa7 $6 Nxf3+ 22. gxf3 Qg5+ 23. Kh1 Rec8 $17 {[%csl Rf2,Rf3,
Rh1]}) 21... Rxe5 22. Nc6 Qd6 23. Nxe5 Qxe5 24. Qxa7 1/2-1/2

[Event "New York op"]
[Site "New York"]
[Date "1998.03.18"]
[Round "5"]
[White "Anastasian, Ashot"]
[Black "Ehlvest, Jaan"]
[Result "1/2-1/2"]
[WhiteElo "2540"]
[BlackElo "2610"]
[Annotator "Yudasin,L"]
[PlyCount "55"]
[EventDate "1998.03.16"]
[EventType "swiss"]
[EventRounds "9"]
[EventCountry "USA"]
[SourceTitle "CBM 064"]
[Source "ChessBase"]
[SourceDate "1998.06.02"]
[SourceVersion "1"]
[SourceVersionDate "1998.06.02"]
[SourceQuality "1"]

1. Nf3 g6 2. d4 Bg7 3. e4 d6 4. Bc4 Nf6 5. Nc3 O-O 6. O-O Nxe4 7. Bxf7+ (7.
Nxe4 d5 8. Bd3 dxe4 9. Bxe4 {is another line.}) 7... Rxf7 8. Nxe4 h6 (8... e6
9. Qe2 Nc6 10. Neg5 Re7 11. c3 Re8 12. Qc2 Qf6 13. Re1 h6 14. Ne4 Qf7 15. Ng3
Bd7 16. Be3 e5 17. d5 Ne7 18. c4 Nf5 19. Qb3 b6 20. Ne4 Re7 21. Qd3 Rf8 22. b4
Nxe3 23. Rxe3 Bf5 24. Rf1 g5 25. Nfd2 Qg6 26. c5 bxc5 27. bxc5 dxc5 28. Qc4 $14
{1-0 Palacios de la Prida,E-Balada,J/Alicante op2 1989 (40)}) (8... Bg4 9. Neg5
$142 (9. c3 Bxf3 10. gxf3 h6 $5 (10... Bf6 11. Qb3 b6 12. Bg5 $13 {Skoberne,
J-Bergthaler,J/Graz op-B 1995/1/2-1/2 (57)}))) 9. Qd3 $146 {A new move.} ({
White usually plays} 9. h3 Nd7 (9... Nc6 10. c3 (10. d5 Ne5 11. Nxe5 dxe5 12.
Be3 Bf5 13. Nc5 b6 14. Ne6 $1 $14 (14. Nb3 e6 15. dxe6 Bxe6 16. Qxd8+ Rxd8 17.
Rfd1 Rfd7 $11 {0-1 Katzel,D-Guthrie,M/Webb op 1989 (54)})) 10... d5 11. Nc5 b6
(11... Qf8 12. Ne5 Nxe5 13. dxe5 c6 14. f4 b6 15. Nb3 g5 16. Nd4 c5 17. Nf3 Ba6
18. Re1 gxf4 19. Qxd5 Qd8 20. Qe6 Qd3 21. Bxf4 Raf8 22. Rad1 Qh7 23. Bg3 Bc8
24. Qd5 Qg6 25. Kh2 h5 26. Nh4 Qh6 27. Qe4 Be6 28. b3 Qh7 29. Qg6 Bf5 30. Qxh7+
Bxh7 31. Rd7 e6 32. Red1 Be4 33. Rxf7 Rxf7 34. Rd6 Re7 35. Nf3 Bxf3 36. gxf3
Kf7 37. f4 Kg6 38. Kg2 Kf5 39. Kf3 Bh6 40. Rd8 {1-0 Medina Garcia,A-Andersson,
U/Las Palmas 1972}) 12. Nd3 Qf8 13. Nfe5 Nxe5 14. Nxe5 Bxe5 15. dxe5 Be6 16. f4
c5 17. Qd3 Kh7 {1/2-1/2 Zagar,M-Gusel,L/Rasmus mem 1970}) (9... Qf8 10. Re1 Nc6
(10... Bxh3 11. Nfg5 hxg5 12. gxh3 d5 13. Nxg5 Rxf2 14. Qg4 $44) 11. d5 Rxf3
12. gxf3 Nd4 13. f4 $142 (13. Kg2 g5 14. c3 Nf5 $40 {0-1 Honfi,K-Adorjan,A/
HUN-ch 1974 (41)})) (9... d5 10. Ng3 Nc6 11. c3 Qd6 12. Re1 Bd7 13. Qe2 Raf8
14. Nh1 Rf5 $15 {[%cal Ge7e5] 1/2-1/2 Weiler,W-Preiss,M/OLBaden 1993 (37)}) (
9... Na6 10. Bd2 d5 11. Ng3 Qd6 12. Qe1 Qb6 13. Bc3 Bxh3 14. Ng5 hxg5 15. gxh3
Bf6 $17 {0-1 Flores,P-Shushkovsky/World op 1993 (29)}) 10. Qd3 Nf8 11. Bd2 Bf5
12. Qe2 c6 13. c3 Qb6 14. Ng3 Be6 15. b3 a5 16. Nh4 Bd7 17. Qd3 g5 18. Nhf5 Qb5
19. Qxb5 cxb5 20. Nxg7 Kxg7 21. f4 $14 {Kholmov,R-Khodos,G/URS-ch30 1962/1-0 
(49)}) (9. Nh4 $2 e5 10. Nxg6 $6 Bf5 11. dxe5 Bxg6 12. e6 Rf8 13. Ng3 Nc6 $19 {
0-1 Baker,A-Cunningham,P/Luzern olm 1982 (34)}) 9... Bf5 10. Qe3 (10. Qe2 $6
Bg4 11. Ned2 Nc6 {[%cal Ge7e5]}) (10. Nh4 e6 $1 (10... e5 11. Nxf5 gxf5 12. Ng3
$14 {[%csl Rb7,Rf5]}) (10... d5 11. Nxf5 dxe4 12. Nxh6+ Bxh6 13. Qxe4 {[%cal
Re4g6,Re4b7]} Bxc1 (13... Bg7 14. Qxb7 Nd7 15. Qe4 $44) 14. Qxg6+ Kf8 15. Raxc1
$44) 11. Nxf5 exf5 12. Nd2 Nc6 $15 {[%cal Gd8d7,Ga8e8]}) 10... Nc6 {[%cal
Ge7e5,Gc6b4,Yb4c2,Yb4d5]} 11. c3 (11. Re1 $5 Nb4 $1 (11... e5) 12. Qb3 Nxc2 $1
13. Qxc2 d5 14. Ne5 Bxe5 (14... Bxe4 $2 15. Nxf7) 15. dxe5 Bxe4 16. Qb3 $11 {
[%cal Rb3b7,Rc1h6]}) 11... e5 12. dxe5 Nxe5 13. Nxe5 (13. Nd4 $2 Ng4) 13...
Bxe5 14. Ng3 $1 $11 {[%cal Re3h6,Gg3f5]} Bg7 (14... Bxg3 $143) 15. Nxf5 Rxf5
16. Bd2 (16. Qe6+ $142 $5 Kh7 17. Be3) 16... Qe8 17. Qd3 Qf7 {[%cal Rf7a2,
Ga8e8]} 18. b3 {[%cal Ga1e1]} Re8 19. Be3 (19. Rfe1 Rxe1+ 20. Bxe1 (20. Rxe1
Rxf2 21. Qe3 Rf5 22. Qxa7 b5 $1 $15) 20... a5 21. Rd1 $11 {/=/+}) 19... Rd5 20.
Qc2 Qf5 {[%csl Rc3]} 21. Rac1 $1 {[%cal Gc3c4]} Qxc2 22. Rxc2 a5 23. c4 Rf5 24.
a4 {White close queenside and sign by that a peace agreement.} (24. Rd1 $5 $11)
24... b6 25. Rd1 h5 26. h3 Kh7 27. Rd5 Rf7 28. Rd1 $11 1/2-1/2